| 000 | 00000nam##2200000za#4500 |
| 001 | 9.566420 |
| 003 | CaOODSP |
| 005 | 20210624180300 |
| 007 | cr ||||||||||| |
| 008 | 150406|2005||||xxc|||||o f|0| 0 eng|d |
| 040 | |aCaOODSP|beng |
| 043 | |an-cn--- |
| 086 | 1 |aTU3-5/05-3-1E-PDF |
| 110 | 2 |aTransportation Safety Board of Canada. |
| 245 | 10|aAviation investigation update |h[electronic resource] |
| 260 | |aGatineau - Quebec : |bTransportation Safety Board of Canada |c16 November 2005. |
| 300 | |a6p.|btable |
| 490 | 1 |aAviation investigation report |vNo. A05H0002 |
| 590 | |a10-05-Supp|b2010-07-20 |
| 690 | 07|aAviation|2gcpds |
| 775 | 08|tPoint sur une enquête aéronautique |w(CaOODSP)9.597909 |
| 780 | 00|tRunway overrun and fire, Air France Airbus A340-313 F-GLZQ, Toronto/Lester B. Pearson International Airport, Ontario, 02 August 2005 |w(CaOODSP)9.565426 |
| 830 | #0|aAviation investigation report ;|vNo. A05H0002|w(CaOODSP)9.504825 |
| 856 | 40|ahttp://publications.gc.ca|qPDF|s119 KB|uhttps://publications.gc.ca/collections/collection_2009/bst-tsb/TU3-5-05-3-1E.pdf|yNo. A05H0002 |